| 000 | 01366nam a2200301 i 4500 | ||
|---|---|---|---|
| 003 | EG-ScBUE | ||
| 005 | 20240225102935.0 | ||
| 008 | 110815s2003 ua f b 000 0 ara d | ||
| 017 | _a2003 / 7014 | ||
| 020 | _a9773053954 | ||
| 040 |
_aEG-ScBUE _bara _erda _cEG-ScBUE _dEG-ScBUE |
||
| 082 | 0 | 4 |
_222 _a923.1 _bع ي ن |
| 100 | 1 |
_916436 _aعيني، بدر الدين محمود، _d762-855 هـ.، _eمؤلف. |
|
| 245 | 1 | 2 |
_aالسيف المهند في سيرة الملك المؤيد : _bشيخ المحمودي / _cبدر الدين العيني ؛ حققه وقدم له فهيم محمد شلتوت ؛ راجعه الدكتور محمد مصطفى زيادة. |
| 264 | 1 |
_aالقاهرة : _bالهيئة العامة لقصور الثقافة، _c2003. |
|
| 300 |
_a427 صفحة ؛ _c24 سم. |
||
| 336 |
_2rdacontent _aنص _btxt |
||
| 337 |
_aبدون وسيط _2rdamedia _bn |
||
| 338 |
_aمجلد _bnc _2rdacarrier |
||
| 490 | 0 |
_aالذخائر ؛ _v92 |
|
| 504 | _aيشتمل على إرجاعات ببليوجرافية. | ||
| 650 | 7 |
_916244 _aالتاريخ الإسلامي. _2BUEsh |
|
| 650 | 7 |
_922182 _aالملوك و الحكام _vتراجم. _2BUEsh |
|
| 655 | _vReading book | ||
| 700 | 1 |
_98643 _aشلتوت، فهيم محمد، _eمحقق، _eمقدم. |
|
| 700 | 1 |
_98654 _aزيادة، محمد مصطفي، _eمراجع. |
|
| 942 |
_2ddc _cBB |
||
| 999 |
_c15849 _d15849 |
||